01514nam a2200289 a 4500001001000000005001700010008004100027041000800068044000700076084002100083100003300104245008100137260003200218300002700250500004600277500036100323500010100684500004700785500002900832506009300861546005300954600004201007651006901049700003101118700002901149700004601178BRCA_489920190320204841.0201010s1823----mx-#######---#000-0#spa-# aspa amx aDOC5b.B73c18231 aBravo, Nicolás.d1786-185410aDocumento firmado por Don Nicolás BravocNicolás Bravo ; Lucas Alamán. aQuerétaro, Méxicoc1823 a[2] fojasc31 x 21 cm. aDocumento firmado el 19 de julio de 1823. aDocumento de Don Nicolás Bravo firmado en Querétaro, dirigido a Don Lucas Alamán Ministro de Relaciones Exteriores, contestándole su carta del 16 del mismo mes. En ella le da cuenta de la separación de su fuerza al Brigadier Santa Anna para ser remitido a México y de proceder después contra Ciriaco Bautista Losada, acusado de conspirador. aAl margen inscripción que dice: ´Reservado. División de Operaciones del Exto. Livertador´. aEl documento contiene la leyenda DOC. #14. aPapel con marca de agua.0 aFondo Reservado. Para su consulta es necesario credencial de usuario y carta de motivos. aTexto en: español de principios del siglo XIX.14aBravo, Nicolásd1786-1854xHistoria 4aMéxicoxHistoriayPrimeros gobiernos independientes, 1821-18241 aAlamán, Lucasd1792-18531 aBautista Losada, Ciriaco1 aLópez de Santa Anna, Antoniod1794-1876